000 nam a22 7a 4500
999 _c8229
_d8229
008 171212b xxu||||| |||| 00| 0 eng d
100 _94654
_aSHAKESPEAR.W
245 _aTHE MERCHANT OF VENICE
260 _aNEW DELHI
_bHAR ANAND
_c2017